00714cam a2200193 a 4500020001500000040000800015082002600023100002200049245002400071260003700095300005700132500002000189650002400209856006200233856005400295942000700349999001700356952014700373 a0801674905 cDLC00a547 MOS 1996 A023 Or.1 aSchmid, George H.10aOrganic chemistry / aSt. Louis, Mo. :bMosby,cc1996. a1 v. (various pagings) :bill. (some col.) ;c26 cm. aIncludes index. 0aChemistry, Organic.42uhttp://www.loc.gov/catdir/description/mh022/95024791.html41uhttp://www.loc.gov/catdir/toc/mh022/95024791.html cEK c16373d16373 0010406547_000000000000000_MOS_1996_A023_OR70970770aLBAbLBAcA023d2018-02-13o547 MOS 1996 A023 Or.pA25035r2018-02-13w2018-02-13yEK